Discapacidad, medida de no innovar en el marco de la auditoría de pensiones no contributivas por invalidez : (Registro nro. 6270)
[ vista simple ]
| 000 -LEADER | |
|---|---|
| fixed length control field | 01519nab a22002537a 4500 |
| 003 - CONTROL NUMBER IDENTIFIER | |
| control field | OSt |
| 005 - DATE AND TIME OF LATEST TRANSACTION | |
| control field | 20260128194040.0 |
| 008 - FIXED-LENGTH DATA ELEMENTS--GENERAL INFORMATION | |
| fixed length control field | 190514b xxu||||| |||| 00| 0 spa d |
| 040 ## - CATALOGING SOURCE | |
| Transcribing agency | PJ |
| 100 ## - MAIN ENTRY--PERSONAL NAME | |
| 9 (RLIN) | 6974 |
| Personal name | Brigandi, Jésica |
| 245 10 - TITLE STATEMENT | |
| Title | Discapacidad, medida de no innovar en el marco de la auditoría de pensiones no contributivas por invalidez : |
| Remainder of title | una respuesta protectoria que garantiza la tutela judicial efectiva / |
| Statement of responsibility, etc | Jésica Brigandi, Edgardo Bartolomé. |
| 300 ## - PHYSICAL DESCRIPTION | |
| Extent | p. 93-101 |
| 500 ## - GENERAL NOTE | |
| General note | Cita: TR LALEY AR/DOC/2712/2025. |
| 505 ## - FORMATTED CONTENTS NOTE | |
| Formatted contents note | Sumario: I. Resumen del caso.— II. Los derechos de las personas con discapacidad en el contexto sociopolítico actual.— III. La auditoría sobre las PNC de la Agencia Nacional de Discapacidad.— IV. El derecho a la inclusión en materia de discapacidad como política pública.— V. Conclusiones. El rol del Estado y el Poder Judicial en la tutela efectiva de los derechos. |
| 505 ## - FORMATTED CONTENTS NOTE | |
| Title | Fallo comentado: CCiv. y Com., Trenque Lauquen ~ 30/05/2025 ~ S., H. N. s/ determinación de la capacidad jurídica. |
| 650 #0 - SUBJECT ADDED ENTRY--TOPICAL TERM | |
| 9 (RLIN) | 967 |
| Topical term or geographic name as entry element | DERECHO DE FAMILIA |
| 650 #0 - SUBJECT ADDED ENTRY--TOPICAL TERM | |
| 9 (RLIN) | 3271 |
| Topical term or geographic name as entry element | PERSONAS CON DISCAPACIDAD |
| 650 #0 - SUBJECT ADDED ENTRY--TOPICAL TERM | |
| 9 (RLIN) | 4961 |
| Topical term or geographic name as entry element | PENSIONES NO CONTRIBUTIVAS |
| 650 #0 - SUBJECT ADDED ENTRY--TOPICAL TERM | |
| 9 (RLIN) | 3016 |
| Topical term or geographic name as entry element | POLÍTICAS PUBLICAS |
| 650 #0 - SUBJECT ADDED ENTRY--TOPICAL TERM | |
| 9 (RLIN) | 1057 |
| Topical term or geographic name as entry element | JURISPRUDENCIA APLICABLE |
| 700 ## - ADDED ENTRY--PERSONAL NAME | |
| 9 (RLIN) | 6975 |
| Personal name | Bartolomé, Edgardo |
| 773 0# - HOST ITEM ENTRY | |
| Host Biblionumber | 2844 |
| Host Itemnumber | 3222 |
| Place, publisher, and date of publication | Buenos Aires : AbeledoPerrot, 1989- |
| Title | Derecho de familia. Revista Interdisciplinaria de doctrina y jurisprudencia. Diciembre 2025-VI. |
| International Standard Book Number | 18511201 |
| 942 ## - ADDED ENTRY ELEMENTS (KOHA) | |
| Source of classification or shelving scheme | |
| Koha item type | Analítica Artículo de Revista |
No hay ítems disponibles.
